Rafael - kresby /
Saved in:
| Other Authors: | |
|---|---|
| Format: | Book |
| Language: | Czech |
| Published: |
Praha :
Odeon,
1974.
|
| Edition: | 1. vyd. |
| Series: | Mistři světové kresby
sv. 2 |
| ISBN: |
(viaz.) |
| Physical Description: |
47 s. |
| Tags: |
Add Tag
No Tags, Be the first to tag this record!
|
Titul je dostupný aj v ... 

MARC
| LEADER | 00000nam a2200000 a 4500 | ||
|---|---|---|---|
| 001 | 000201813 | ||
| 005 | 20101020231337.0 | ||
| 008 | 040101s1974 xr e cze d | ||
| FMT | |||
| 020 | |a (viaz.) |c Kčs 145,00 | ||
| 040 | |a SVKKK |b slo |c SVKKK |e AACR2 | ||
| 041 | 0 | |a cze | |
| 044 | |a xr |c CZ | ||
| 245 | 1 | 0 | |a Rafael - kresby / |c úvod napsal a uspořádal Jiří Siblík. |
| 250 | |a 1. vyd. | ||
| 260 | |a Praha : |b Odeon, |c 1974. | ||
| 300 | |a 47 s. | ||
| 490 | 1 | |a Mistři světové kresby |v sv. 2 | |
| 700 | 1 | |a Siblík, Jiří, |d 1912- |4 com |4 aui | |
| 830 | 0 | |a Mistři světové kresby |v sv. 2 | |
| 910 | |a svkkk | ||
| 998 | |a BK | ||
| OWN | |||
| Z30 | 1 | |l SCK01 |l SCK01 |m BOOK |1 SCKHL |2 SK16 |b Sklad Pribinova 3. posch. |3 V.91572 |6 520933 |q 19751020 |5 2721177976 |8 20060125 |e 0000 |f 20 |s Povinný výt. |h SCKRT |t 00000000 |u 0000 |w 000201813 |x 000010 | |
| a02 | 0 | |a (viaz.) | |
| 090 | |g SCKHL |k Sklad Pribinova 3. posch. |a V.91572 |j 520933 |i 2721177976 |s Povinný výt. | ||